000 00750nam a22002417a 4500
008 130505b xxu||||| |||| 00| 0 eng d
020 _a984 8362 15 9
024 _cAvailable
037 _cAvailable
040 _aMBSTU LIBRARY
_dMBSTU LIBRARY
082 _222
_a429.1443 KHO
100 _aKhan, Md. Kamruzzaman.
245 _aOxford advanced learner dictionary English to Bengali.
260 _aDhaka
_bOxford Press and Publication.
_c2005
300 _a22 cm.
_b1056 page
_f1
_g22 cm.
600 _aEnglish-Bengali dictionary.
650 _2English-Bengali dictionary.
700 _aKhan, Md. Kamruzzaman.
270 _aDhaka
_bDhaka
_dBangladesh.
365 _b185.00
_d185.00
942 _2ddc
_cBK
999 _c302
_d302